Rozpoznávanie gest pre úlohy ovládania mechatronického systému

Saved in:
Bibliographic Details
Main Author: Ilovský, Miloš (Author)
Other Authors: Haffner, Oto (Thesis advisor)
Format: Manuscript Book
Language:Slovak
Published: 2025
Subjects:
Online Access:http://is.stuba.sk/zp/portal_zp.pl?podrobnosti=184391
Tags: Add Tag
No Tags, Be the first to tag this record!

MARC

LEADER 00000ntm a22000003a 4500
001 stuzp103108
003 SK-STU
005 20250614211947.7
007 ta
008 150427s2015----xo-----f-mn---000-0-slo-d
040 |a STU  |b slo 
041 0 |a slo 
100 1 |a Ilovský, Miloš  |u 030400  |4 aut  |U FEI Fakulta elektrotechniky a informatiky  |T FEI Ústav automobilovej mechatroniky  |X 111977  |U E400  |Y 642  |7 111977 
242 0 1 |a Gesture recognition for mechatronic system control tasks  |y eng 
245 1 0 |a Rozpoznávanie gest pre úlohy ovládania mechatronického systému 
260 |c 2025 
650 4 |a gesture control  |2 eng 
650 4 |a neural networks  |2 eng 
650 4 |a gesture recognition  |2 eng 
650 4 |a human-robot interaction  |2 eng 
650 4 |a neurónové siete  |2 slo 
650 4 |a rozpoznávanie gest  |2 slo 
650 4 |a rozhranie človek-stroj  |2 slo 
650 4 |a ovládanie gestami  |2 slo 
700 1 |a Haffner, Oto  |u 030400  |k Z1  |4 ths  |U FEI Fakulta elektrotechniky a informatiky  |T FEI Ústav automobilovej mechatroniky  |X 56107  |U E400  |Y 642  |7 A000056107 
856 4 |u http://is.stuba.sk/zp/portal_zp.pl?podrobnosti=184391